| 000 | 00665 a2200229 4500 | ||
|---|---|---|---|
| 010 | _aTML-30176 | ||
| 020 |
_a8126023651 _c125.00 |
||
| 035 | _aTM-28412 | ||
| 037 | _bD.B.Act / pub / | ||
| 082 | _a894.811092 | ||
| 090 |
_c36 _d36 |
||
| 100 | _aSelvaraj D | ||
| 245 |
_aSami Chidambaranar _cD. Selvaraj |
||
| 246 | _aசாமி சிதம்பரனார் | ||
| 250 | _a1st ed | ||
| 260 |
_aChennai _bSahitya Akademi _c2006 |
||
| 270 |
_a35,Feroshah Road _bNew Delhi _e110001 |
||
| 300 |
_a331p _c22cm |
||
| 650 | _aBiography | ||
| 942 |
_cTM _k894.811092 / CHI |
||
| 999 |
_c36 _d36 |
||